00581cam a22002057a 4500003000500000005001700005008004100022010001000063011001000073035001000083040000900093100002200102245006000124260006000184300001000244490002600254650003400280710003500314830002600349CHAP20220329134130.0971013s1985 r 00010 d a15901 a16873 a20955 cCHAP00aBhatia, Rattan J.14aThe West African Monetary Unionb: an analytical review aWashington, D. C. :bInternational Monetary Fund,c1985 a59 p. 0aOcasional paperv; 3514aCuestión monetariaxAfrica.0 aFondo Monetario Internacional.0 aOcasional paperv; 35